Statistics for Scottish Rock Bands of the 1980's (Alt/Indie)

Click here to take the quiz!

General Stats

  • This quiz has been taken 108 times
  • The average score is 6 of 15

Answer Stats

Hint Answer % Correct
Glittering PrizeSimple Minds
75%
Fields Of Fire (400 Miles)Big Country
73%
Just Like HoneyJesus and Mary Chain
66%
I Could Be HappyAltered Images
62%
Nothing Ever HappensDel Amitri
59%
ObliviousAztec Camera
54%
FelicityOrange Juice
45%
Circus GamesThe Skids
35%
The RattlerGoodbye Mr MacKenzie
29%
Head Gone AstraySoup Dragons
18%
Jesus Loves AmerikaThe Shamen
18%
The Spangle MakerCocteau Twins
16%
Safety NetShop Assistants
15%
Sorry For LaughingJosef K
15%
CandyskinFire Engines
15%

Score Distribution

Percentile by Number Answered

Percent of People with Each Score

Your Score History

You have not taken this quiz